Fractals, an animated discussion interviews (with E. Lorenz, B. B. Mandelbrot) animation-experiments
Η κλασματική γεωμετρία είναι η πιο συναρπαστική ανακάλυψη των σύγχρονων μαθηματικών.Πρόκειται για την προϊστορία και τις προοπτικές της κλασματικής γεομετρίας.Το φίλμ περιλαμβάνει κινούμενα γραφικά στον υπολογιστή εξηγώντας σημαντικές έννοιες όπως το χάος και την μουσική που έχει συνθεθεί σύμφωνα με...
Αποθηκεύτηκε σε:
| Άλλοι συγγραφείς: | |
|---|---|
| Μορφή: | Βίντεο VHS |
| Γλώσσα: | English |
| Δημοσίευση: |
Heidelberg :
Spektrum Videothek,
1990
|
| Θέματα: | |
| Ετικέτες: |
Προσθήκη ετικέτας
Δεν υπάρχουν, Καταχωρήστε ετικέτα πρώτοι!
|
MARC
| LEADER | 00000 gm a2200000 i 4500 | ||
|---|---|---|---|
| 001 | 1/70425 | ||
| 007 | vf cbuho | ||
| 008 | 050126s1990 XXX engod | ||
| 020 | |a 3-89330-967-5 | ||
| 035 | |l 10076220 | ||
| 040 | |a GR-MY-UA |b gre |e aacr | ||
| 041 | 0 | |a eng | |
| 082 | 0 | |a 516 | |
| 245 | 1 | 0 | |a Fractals, an animated discussion |h [μαγνητοσκόπηση] : |b interviews (with E. Lorenz, B. B. Mandelbrot) animation-experiments / |c a film by H. O. Peitgen ... [κ.α] |
| 260 | |a Heidelberg : |b Spektrum Videothek, |c 1990 | ||
| 300 | |a 1 βιντεοκασέτα (63 λεπτ.); |b έγχρ., ομιλ.; |c 1/2 ίν.+ |e 1 οδηγός | ||
| 520 | |a Η κλασματική γεωμετρία είναι η πιο συναρπαστική ανακάλυψη των σύγχρονων μαθηματικών.Πρόκειται για την προϊστορία και τις προοπτικές της κλασματικής γεομετρίας.Το φίλμ περιλαμβάνει κινούμενα γραφικά στον υπολογιστή εξηγώντας σημαντικές έννοιες όπως το χάος και την μουσική που έχει συνθεθεί σύμφωνα με κλασματικές αρχές. | ||
| 538 | |a VHS | ||
| 650 | 0 | 0 | |a Fractals. |
| 650 | 0 | 0 | |a Lorenz equations. |
| 700 | 1 | |a Peitgen, Heinz-Otto |d 1945- | |
| 852 | |a INST |b CHIOS |c AV |e 20050126 |h 516 FRA |p 005200022385 |q 005200022385 |t VC |y 23 | ||
| 901 | |a BIBL2-2005-1 | ||
| 909 | |a Χ |b 112540 | ||
| 922 | |a 2ΕΛΗ |c ΚΕΝΤΡΙΚΗ ΒΙΒΛΙΟΘΗΚΗ | ||
| 970 | |a ΧΑΖΙΡΗ |b ΑΝΝΑ |z 2005/01/26 | ||